Prénoms de grands chefs de cuisine français 3*** - Statistiques

Statistiques générales
  • Ce quiz a été pris 139 fois
  • Le résultat moyen est 30 sur 66
Statistiques - réponses
Restaurant Nom Dates Prénom % Correct
L'auberge du pont de Collonges Bocuse 1926-2018 Paul
94%
Nom du chef Chapel 1937-1990 Alain
87%
Plaza Athénée Ducasse 1956 Alain
87%
L'Arpège Passard 1956 Alain
87%
Archestrate Senderens 1939-2017 Alain
87%
Nom du chef Gagnaire 1950 Pierre
79%
Les Frères Troisgros Troisgros 1928-2020 Pierre
79%
Jamin Robuchon 1945-2018 Joël
76%
Les prés d'Eugénie Guérard 1933 Michel
76%
Les loges de l'aubergade Trama 1947 Michel
76%
Le bois sans feuilles Troisgros 1958 Michel
76%
Auberge de l'Ill Haeberlin 1923-2008 Marc
73%
L'Espérance Meneau 1943-2020 Marc
73%
La maison des bois Veyrat 1950 Marc
73%
Meurice Alléno 1968 Yannick
73%
Maison Pic Pic 1969 Anne-Sophie
70%
La Côte d'or Loiseau 1951-2003 Bernard
69%
L'Ambroisie Pacaud 1947 Bernard
69%
Le Grand Véfour Martin 1957 Guy
69%
Nom du chef Savoy 1953 Guy
69%
Le Pré Catelan Anton 1964 Frédéric
66%
Les Frères Troisgros Troisgros 1926-1983 Jean
66%
Epicure au bristol Frechon 1963 Eric
61%
Lameloise Pras 1972 Eric
61%
Maison L Lameloise 1947 Jacques
56%
Maison Pic Pic 1932-1992 Jacques
56%
La Marine Couillon 1975 Alexandre
47%
La Côte d'or Dumaine 1895-1964 Alexandre
47%
AM Mazzia 1976 Alexandre
47%
Hôtel du Castellet Bacquié 1972 Christophe
47%
Nom du chef Blanc 1943 Georges
47%
Auberge du vieux puits Goujon 1961 Gilles
46%
L'oustau de Baumanière Viel 1980 Glenn
46%
L'auberge du Père Bise Bise 1908-1983 François
41%
L'Oasis Outhier 1930-2021 Louis
40%
Le clos des sens Petit 1963 Laurent
39%
La vague d'or Donckele 1977 Arnaud
38%
L'assiette champenoise Lallement 1974 Arnaud
38%
Le Cinq Squer 1962 Christian
33%
L'Astrance Barbot 1972 Pascal
33%
Les maisons de Bricourt Roellinger 1955 Olivier
32%
Les Crayères Boyer 1941 Gérard
31%
Le Buerehiesel Westermann 1946 Antoine
30%
Flocons de sel Renaut 1968 Emmanuel
29%
Le relais Bernard Loiseau Berton 1962 Patrick
29%
Nom du chef Marcon 1956 Régis
27%
Nom du chef Lasserre 1912-2006 René
23%
Le Vivarois Peyrot 1934 Claude
22%
La tour d'argent Terrail 1917-2006 Claude
22%
Maison Pic Pic 1893-1984 André
20%
Le petit Nice Passédat 1960 Gérald
19%
Le Grand Véfour Oliver 1909-1990 Raymond
19%
L'oustau de Baumanière Thuillier 1897-1993 Raymond
19%
Au crocodile Jung 1941-2020 Emile
18%
Le moulin de Mougins Vergé 1930-2015 Roger
18%
Nom du chef Coutanceau 1978 Christopher
17%
La mère Bourgeois Bourgeois 1870-1937 Marie
17%
La Côte St Jacques Lorain 1959 Jean-Michel
16%
La Pyramide Point 1897-1955 Fernand
15%
La villa Madie Droisneau 1980 Dimitri
11%
La mère Brazier Brazier 1895-1977 Eugénie
9%
Taillevent Vrinat 1936-2008 Jean-Claude
9%
La colline du colombier Troisgros 1986 César
7%
Le jardin des sens Pourcel 1964 {Jacques} & {Laurent}
7%
L'Arnsbourg Klein 1950 Jean-Georges
4%
L'auberge du Père Bise Bise 1898-1965 Marguerite
4%
Aucun quiz correspondant
Distribution des résultats
% des personnes avec chaque résultat
Percentile par nombre de réponses
Votre historique - résultats
Vous n’avez pas pris ce quiz